Personnalités canadiennes - Mort subite - Statistiques

Statistiques générales
  • Ce quiz a été pris 243 fois
  • Le résultat moyen est 6 sur 12
Answers on the Grid
Answers color-coded by a green-red scale on the quiz's grid according to % correct below.
Céline Dion
Justin Bieber
The Weeknd
Jim Carrey
Keanu Reeves
Dwayne Johnson
Garou
Pamela Anderson
Mylène Farmer
Justin Trudeau
Avril Lavigne
Elon Musk
Chris Evans
George Weah
Darius Rochebin
François Damiens
Andy Murray
Ed Sheeran
Rihanna
Karim Benzema
Cate Blanchett
Jackie Chan
Virginie Efira
David Guetta
 
Statistiques - réponses
Réponse % Correct
Céline Dion
90%
Garou
77%
Justin Bieber
74%
Justin Trudeau
74%
The Weeknd
59%
Avril Lavigne
50%
Jim Carrey
45%
Keanu Reeves
33%
Pamela Anderson
28%
Mylène Farmer
26%
Elon Musk
10%
Dwayne Johnson
7%
Aucun quiz correspondant
Distribution des résultats
% des personnes avec chaque résultat
Percentile par nombre de réponses
Votre historique - résultats
Vous n’avez pas pris ce quiz